000 00589nam a2200229Ia 4500
003 OSt
005 20221007063311.0
006 a|||||r|||| 00| 0
007 ta
008 221006b |||||||| |||| 00| 0 eng d
024 _a25,694
037 _cTextual
040 _aFLL
_cFLL
_beng
041 _2eng
_aeng
082 _aZz7, K0;1
100 _aTope T.K.
245 0 _aEssays in law
260 _aBombay
_bT.K. Tope, Principal, Govt. Law College Bombay
_c1960
300 _axxiv,1-94p
_ccm.
942 _hZz7, K0;1
_cTEXL
_2CC
999 _c1130925
_d1130925